| 000 | 00812cab a22002175a 4500 | ||
|---|---|---|---|
| 001 | L153858 | ||
| 008 | 110914e20110910xxk 000 0 eng d | ||
| 035 | _a(Sirsi) u153858 | ||
| 041 | 0 | _aeng | |
| 100 | 1 | _aAdams, John | |
| 245 | 0 | 0 | _aPlanning for growth |
| 260 | _c2011 | ||
| 490 |
_aEstates Gazette _v(1136) 10 September 2011, 86-88(3) |
||
| 520 | _aLooks at how the draft National Policy Planning Framework (L153433) aims to encourage sustainable neighbourhood development. Compares current Policy Policy Statement 12: PPS12 with the draft NPPF soundness test proposals. | ||
| 590 | _aKA | ||
| 650 | 2 | 4 | _aNATIONAL POLICY PLANNING FRAMEWORK |
| 650 | 2 | 4 | _aPLANNING POLICY STATEMENT 12 |
| 690 | _aENVIRONMENTAL AND LAND CONSULTANCY-PLANNING AND DEVELOPMENT | ||
| 700 | 1 | _aRicketts, Simon | |
| 942 | _n0 | ||
| 999 |
_c83406 _d83406 |
||